Statistics for African Geography A-Z

Click here to take the quiz!

General Stats

  • This quiz has been taken 13,959 times
    (13,931 since last reset)
  • The average score is 16 of 26

Answer Stats

ClueAnswer% Correct
ALargest country by areaAlgeria
94%
MIsland that is home to lemursMadagascar
93%
SLargest hot desert in the worldSahara
92%
EMost populous country in
North Africa
Egypt
91%
JSouth Africa's most populous cityJohannesburg
89%
COne of South Africa's capitalsCape Town
88%
KAfrica's tallest mountainKilimanjaro
88%
GCountry surrounded by SenegalGambia
84%
VWaterfall on the border of
Zambia and Zimbabwe
{Victoria} Falls
84%
HRegion of Ethiopia and Somalia:
____ of Africa
Horn
82%
LVictoria, Malawi, Turkana, e.g.Lake
82%
USwahili is an official language
of this country
Uganda
82%
IOnce a top export of Africa,
now banned
Ivory
76%
RFormer name of ZimbabweRhodesia
68%
FCapital of Sierra LeoneFreetown
64%
WCounterpart of the Blue NileWhite Nile
54%
ZRiver that Zambia is named afterZambezi
53%
BOne of South Africa's capitalsBloemfontein
53%
NDesert along Namibia's entire coastlineNamib
43%
PBenin's de-jure capitalPorto-Novo
31%
TLongest freshwater lakeTanganyika
31%
XBantu click language official
in South Africa
Xhosa
31%
OCoastal city in AlgeriaOran
21%
YLagos's main languageYoruba
19%
DMountain range in South AfricaDrakensberg
14%
QExtinct half-striped South African zebraQuagga
12%

Score Distribution

Percentile by Number Answered

Percent of People with Each Score

Your Score History

You have not taken this quiz since the last reset